书目信息 |
| 题名: |
俄国向东方的扩张
|
|
| 作者: | 伦森 , Lensen 著 ;杨诗浩 译 | |
| 分册: | ||
| 出版信息: | 北京 商务印书馆 1978 |
|
| 页数: | 238页 | |
| 开本: | 20cm | |
| 丛书名: | ||
| 单 册: | ||
| 中图分类: | D851.29 | |
| 科图分类: | ||
| 主题词: | 侵略扩张--沙俄--史料 | |
| 电子资源: | ||
| ISBN: | ||
| 000 | 00811nam0 2200277 45 | |
| 001 | 0178005935 | |
| 005 | 20060801153033.03 | |
| 010 | @dCNY0.72 | |
| 091 | @aCN@b11017.418 | |
| 100 | @a19950714d1978 kemy0chiy0121 ea | |
| 101 | 1 | @achi@ceng |
| 102 | @aCN@b110000 | |
| 105 | @ay z 000yd | |
| 200 | 10 | @a俄国向东方的扩张@Ae guo xiang dong fang de kuo zhang@f(美)伦森(G.A.Lensen)著@g杨诗浩译 |
| 210 | @a北京@c商务印书馆@d1978 | |
| 215 | @a238页@d20cm | |
| 300 | @a内部发行 | |
| 300 | @a书名原文:Russias eastward expansion | |
| 510 | 1 | @aRussias eastward expansion@zeng |
| 606 | @a侵略扩张@y沙俄@x史料 | |
| 690 | @aD851.29@v3 | |
| 701 | 1 | @a伦森@Alun sen@bG.A.@4著 |
| 701 | A1 | @aLensen@bG.A.@4著 |
| 702 | 0 | @a杨诗浩@Ayang shi hao@4译 |
| 801 | 0 | @aCN@bTSSF@c20060801 |
| 905 | @a10447@dD851.29@e44 | |
| 俄国向东方的扩张/(美)伦森(G.A.Lensen)著/杨诗浩译.-北京:商务印书馆,1978 |
| 238页;20cm |
| 内部发行.-书名原文:Russias eastward expansion |
| ISBN :CNY0.72 |
| ● |
| 相关链接 |
|
|
|
|
正题名:俄国向东方的扩张
索取号:D851.29/44
 
预约/预借
| 序号 | 登录号 | 条形码 | 馆藏地/架位号 | 状态 | 备注 |
| 1 | 0441273 | 204412732 | 密集书库/ [索取号:D851.29/44] | 在馆 |